| 000 | 00633nam a22002057a 4500 | ||
|---|---|---|---|
| 008 | 150721b xxu||||| |||| 00| 0 eng d | ||
| 020 | _a3540514686 | ||
| 020 | _a0387514686 | ||
| 020 | _a3540514686 | ||
| 041 | 0 | _aeng | |
| 080 | _a007:52 | ||
| 100 | 1 | _a Vukobratović, Miomir. | |
| 245 | 1 | 0 |
_aApplied dynamics of manipulation robots : _cMiomir Vukobratović. |
| 260 |
_aBerlin ; _aNew York : _bSpringer-Verlag, _cc1989. |
||
| 300 |
_axiv, 471 f. _bme il. ; _c25 cm. |
||
| 500 | _aPreface : f. [V]-XI | ||
| 505 | _aSubject Index: f.468-471 | ||
| 650 | 0 |
_aRobotika _xDinamika |
|
| 942 |
_2udc _cBK |
||
| 999 |
_c1131 _d1131 |
||